| 000 | 01297cab a2200373 4500 | ||
|---|---|---|---|
| 001 | ABS53594 | ||
| 008 | 090401t1995 xxu||||| |||| 00| 0 eng d | ||
| 035 | _a(Sirsi) u5241 | ||
| 041 | _aeng | ||
| 100 | _aPawlowski, M. | ||
| 245 | _aContracts by correspondence | ||
| 260 | _c1995 | ||
| 350 | _a0 | ||
| 490 |
_aEstates Gazette _v(9538) 23 September 1995, 132-134(3) |
||
| 520 | _aA round up of recent case law on the enforceability of contracts and agreements for the sale of land under Law of Property (Miscellaneous Provisions) Act 1989 s2(1). | ||
| 650 | _aCOLLATERAL CONTRACTS | ||
| 650 | _aCOMMISSION FOR THE NEW TOWNS V COOPER | ||
| 650 | _aFIRST POST HOMES V JOHNSON | ||
| 650 | _aHOOPER V SHERMAN | ||
| 650 | _aLAW OF PROPERTY (MISCELLANEOUS PROVISIONS) ACT 1989 S2(1) | ||
| 650 | _aLAW OF PROPERTY ACT 1925 S40 | ||
| 650 | _aLOTTERYKING V AMEC PROPERTIES | ||
| 650 | _aMCAUSLAND V DUNCAN LAWRIE | ||
| 650 | _aOPTIONS TO PURCHASE | ||
| 650 | _aPAYNE V ZAFIROPOYLOY | ||
| 650 | _aPITT V PHH ASSET MANAGEMENT | ||
| 650 | _aSPIRO V GLENCROWN PROPERTIES LTD | ||
| 650 | _aTOOTAL CLOTHING V GUINEA PROPERTIES | ||
| 650 | _aWRIGHT V ROBERT LEONARD (DEVELOPMENTS) | ||
| 690 | _aLAND | ||
| 690 | _aPROPERTY LAW AND PRACTICE | ||
| 942 | _n0 | ||
| 948 | _c04/03/1997 | ||
| 999 |
_c3127 _d3127 |
||